| 000 | 00628nam a2200277Ia 4500 | ||
|---|---|---|---|
| 001 | Z_102 | ||
| 003 | CHAP | ||
| 008 | 220113s19XX xx 000 0 und d | ||
| 010 | _a163070 | ||
| 040 | _cCHAP | ||
| 090 | _aFolleto 131 | ||
| 100 |
_aNANTA _980118 |
||
| 245 |
_aUsted que busca una mayor rentabilidad en su ganado ovino... / _cpor NANTA |
||
| 260 |
_aMadrid : _bNANTA, _c19XX |
||
| 300 | _aHoja despegable | ||
| 440 | _a | ||
| 500 | _a | ||
| 503 | _a | ||
| 650 |
_aGanado lanar I. t. _9137304 |
||
| 901 | _aFolleto 131 | ||
| 902 | _aA | ||
| 910 | _a19XX | ||
| 942 | _cc14 | ||
| 942 | _cc14 | ||
| 999 |
_c163070 _d163070 |
||